000 00305nam a2200109Ia 4500
008 220204s9999 xx 000 0 und d
082 _a595.7
_bSAX.4
100 _aSaxena, A B
245 0 _aRecent advances in entomology V4. Ecology of insects
260 _aNew Delhi
_bAnmol Publications
_c1995
942 _cBK
999 _c41148
_d41148